000 00581nam a2200205Ia 4500
001 9590
003 IVS
005 20250626030240.0
008 211022s9999 xx 000 0 und d
040 _cIVS
082 _a741.6 HUS
100 _aHussain Zahid
245 0 _aHow efficient is heavy advertising? : The telecom industry of Pakistan
260 _aKarachi
260 _bIndus Valley School of Art & Architecture
260 _c2009
300 _a43
856 _uhttps://drive.google.com/file/d/1fpBDZc0lhgMCf62ldTEq4qiyhsN3BJpV/view?usp=sharing
942 _cDISS
_n0
_2ddc
999 _c8833
_d8833